[Event "Temuco IRT Rumbo"]
[Site "Temuco"]
[Date "2020.01.29"]
[Round "9"]
[White "Narvaez Sandoval, Vicente Diego"]
[Black "Ortega Carrasco, Alex Benjamin"]
[Result "1/2-1/2"]
[WhiteElo "1707"]
[BlackElo "1938"]
[PlyCount "31"]
[EventDate "2020.01.27"]
[EventType "tourn"]
[EventRounds "9"]
[EventCountry "CHI"]
[SourceTitle "CBM 195 Extra"]
[Source "ChessBase"]
[SourceDate "2020.05.31"]
[SourceVersion "1"]
[SourceVersionDate "2020.05.31"]
[SourceQuality "1"]

1. c4 c5 2. Nc3 Nc6 3. Nf3 Nf6 4. g3 g6 5. Bg2 Bg7 6. 0-0 0-0 7. d3 d6 8. Bd2 Bd7 9. a3 b6 10. Rb1 Rb8 11. b4 e6 12. b5 Ne7 13. a4 Re8 14. Re1 h5 15. e3 Nc8 16. Qc2 1/2-1/2

[Event "Temuco IRT Rumbo"]
[Site "Temuco"]
[Date "2020.01.28"]
[Round "6"]
[White "Torres Ferrada, Martina Aline"]
[Black "Narvaez Sandoval, Vicente Diego"]
[Result "0-1"]
[WhiteElo "1098"]
[BlackElo "1707"]
[PlyCount "52"]
[EventDate "2020.01.27"]
[EventType "tourn"]
[EventRounds "9"]
[EventCountry "CHI"]
[SourceTitle "CBM 195 Extra"]
[Source "ChessBase"]
[SourceDate "2020.05.31"]
[SourceVersion "1"]
[SourceVersionDate "2020.05.31"]
[SourceQuality "1"]

1. e4 e6 2. d4 d5 3. Bd3 Nf6 4. e5 Nfd7 5. Nf3 c5 6. c3 Nc6 7. 0-0 cxd4 8. cxd4 f6 9. Re1 fxe5 10. dxe5 Be7 11. Nc3 0-0 12. Qc2 h6 13. Bh7+ Kh8 14. b3 Bc5 15. Bb2 Rxf3 16. gxf3 Ndxe5 17. Rxe5 Nxe5 18. Ne2 Nxf3+ 19. Kh1 Bf8 20. Qg6 Qh4 21. Qg2 Qxh2+ 22. Qxh2 Nxh2 23. Bd3 Ng4 24. Kg2 Bd7 25. Rc1 Rc8 26. Rh1 Kg8 0-1

[Event "South America-ch U14 16th"]
[Site "Buenos Aires"]
[Date "2019.12.02"]
[Round "2.4"]
[White "Abramor, Franco1111"]
[Black "Narvaez Sandoval, Vicente Diego"]
[Result "1-0"]
[WhiteElo "1940"]
[BlackElo "1674"]
[PlyCount "69"]
[EventDate "2019.12.01"]
[EventType "swiss"]
[EventRounds "9"]
[EventCountry "ARG"]
[SourceTitle "EXT 2024"]
[Source "ChessBase"]
[SourceDate "2023.10.10"]
[SourceVersion "1"]
[SourceVersionDate "2023.10.10"]
[SourceQuality "1"]

1. e4 e6 2. d4 d5 3. Nd2 Nf6 4. e5 Nfd7 5. c3 c5 6. Bd3 Nc6 7. Ngf3 Qb6 8. 0-0 cxd4 9. cxd4 Nxd4 10. Nxd4 Qxd4 11. Nf3 Qb6 12. Rb1 a5 13. Qa4 Be7 14. Bb5 Qd8 15. Qg4 Kf8 16. Be3 Nc5 17. Rbc1 Ne4 18. Nd4 h5 19. Qe2 f6 20. f3 Ng5 21. Bxg5 fxg5 22. Qd3 Kg8 23. Rc2 Bd7 24. Rfc1 Kf7 25. Rc7 Bc6 26. Nxe6 Kxe6 27. Qg6+ Bf6 28. Bxc6 Kxe5 29. Bxb7 Rb8 30. g4 hxg4 31. fxg4 Kd6 32. R1c6+ Ke5 33. Qf5+ Kd4 34. Rc1 Rh3 35. Rd1+ 1-0

[Event "CHI-ch"]
[Site "Rancagua"]
[Date "2019.10.10"]
[Round "3.3"]
[White "Vera Villa, Ignacio Antonio"]
[Black "Narvaez Sandoval, Vicente Diego"]
[Result "1/2-1/2"]
[WhiteElo "1741"]
[BlackElo "1474"]
[PlyCount "124"]
[EventDate "2019.10.10"]
[EventType "swiss"]
[EventRounds "7"]
[EventCountry "CHI"]
[SourceTitle "EXT 2024"]
[Source "ChessBase"]
[SourceDate "2023.10.10"]
[SourceVersion "1"]
[SourceVersionDate "2023.10.10"]
[SourceQuality "1"]

1. Nf3 Nf6 2. g3 g6 3. b3 Bg7 4. Bb2 b6 5. Bg2 Bb7 6. 0-0 0-0 7. c4 d6 8. d4 Nbd7 9. Qc2 Be4 10. Qd2 Bb7 11. Nc3 e6 12. Rfe1 d5 13. cxd5 exd5 14. Rac1 c5 15. dxc5 bxc5 16. Na4 Ne4 17. Qc2 Qe7 18. Ba3 Rfc8 19. Nd2 Nd6 20. e4 Nb5 21. Bb2 Nd4 22. Bxd4 cxd4 23. Qb1 Rxc1 24. Rxc1 Nf6 25. Nc5 Bc6 26. exd5 Bxd5 27. Nce4 Nxe4 28. Nxe4 Kh8 29. Re1 Re8 30. Re2 Qd8 31. Qd3 f5 32. Ng5 Rxe2 33. Qxe2 Bg8 34. Nf3 d3 35. Qd2 h6 36. Ne1 Qd4 37. Nxd3 Qa1+ 38. Bf1 Kh7 39. Nf4 Qd4 40. Qxd4 Bxd4 41. Bc4 Bxc4 42. bxc4 Be5 43. Nd3 Bc7 44. Kf1 Kg7 45. Ke2 Kf6 46. Nb4 Ke6 47. Nd5 Be5 48. Kd3 Kd6 49. f4 Bg7 50. h4 Bb2 51. Nc3 Bc1 52. Nb5+ Kc5 53. Nxa7 Ba3 54. Nb5 Bb4 55. a3 Be1 56. h5 gxh5 57. Nd4 Bxg3 58. Nxf5 Bxf4 59. a4 Kb4 60. Kd4 Kxa4 61. c5 Kb5 62. Kd5 Bc7 1/2-1/2

[Event "Temuco Momberg Memorial"]
[Site "Temuco"]
[Date "2019.09.29"]
[Round "7"]
[White "Vargas Maliqueo, Ivan Patricio"]
[Black "Narvaez Sandoval, Vicente Diego"]
[Result "1-0"]
[WhiteElo "2010"]
[BlackElo "1474"]
[PlyCount "53"]
[EventDate "2019.09.27"]
[EventType "tourn"]
[EventRounds "7"]
[EventCountry "CHI"]
[SourceTitle "CBM 194 Extra"]
[Source "ChessBase"]
[SourceDate "2020.03.31"]
[SourceVersion "1"]
[SourceVersionDate "2020.03.31"]
[SourceQuality "1"]

1. d4 Nf6 2. Nf3 g6 3. c4 Bg7 4. Nc3 0-0 5. e4 d6 6. Be2 e5 7. 0-0 Nc6 8. d5 Ne7 9. b4 a5 10. Ba3 axb4 11. Bxb4 b6 12. Nd2 Nd7 13. a4 f5 14. a5 Nc5 15. axb6 Rxa1 16. Qxa1 cxb6 17. Bxc5 bxc5 18. Qa7 Rf7 19. Qa8 Bh6 20. Nb3 fxe4 21. Nxe4 Qb6 22. Nbxc5 Rf8 23. Na4 Qb4 24. Ng3 Bg4 25. Qa6 Rxf2 26. Rxf2 Be3 27. Qa8+ 1-0

[Event "CHI-ch U14"]
[Site "Santiago de Chile"]
[Date "2018.10.18"]
[Round "4.3"]
[White "Narvaez Sandoval, Vicente Diego"]
[Black "Vera Villa, Ignacio Antonio"]
[Result "1-0"]
[WhiteElo "1459"]
[BlackElo "1579"]
[PlyCount "66"]
[EventDate "2018.10.16"]
[EventType "swiss"]
[EventRounds "7"]
[EventCountry "CHI"]
[SourceTitle "EXT 2024"]
[Source "ChessBase"]
[SourceDate "2023.10.10"]
[SourceVersion "1"]
[SourceVersionDate "2023.10.10"]
[SourceQuality "1"]

1. c4 g6 2. g3 Bg7 3. Bg2 Nf6 4. Nc3 0-0 5. d3 e6 6. Nf3 d5 7. Bg5 h6 8. Bf4 c6 9. c5 Re8 10. Bd6 Nbd7 11. d4 Qa5 12. Nd2 e5 13. Nb3 Qd8 14. 0-0 e4 15. e3 Nb6 16. Nd2 Bg4 17. Qb3 Nc8 18. Be5 Qe7 19. h3 Be6 20. a4 Nd7 21. Bxg7 Kxg7 22. Qxb7 Rb8 23. Qxc6 Rxb2 24. Rfd1 Nb8 25. Qa8 Qd7 26. Rab1 Rxb1 27. Rxb1 Nb6 28. cxb6 Nc6 29. b7 Rb8 30. Bf1 Qd8 31. Qxb8 Nxb8 32. Nb3 Bd7 33. Nc5 Be8 1-0